[Event "Palmanova op 12th"]
[Site "Palmanova"]
[Date "2023.12.10"]
[Round "5"]
[White "Serea, Gabriele"]
[Black "Guernieri, Luca"]
[Result "1/2-1/2"]
[WhiteElo "1831"]
[BlackElo "1859"]
[PlyCount "73"]
[EventDate "2023.12.08"]
[EventType "swiss"]
[EventRounds "5"]
[EventCountry "ITA"]
[SourceTitle "CB50_2023"]
[SourceDate "2023.12.13"]
[SourceVersion "1"]
[SourceVersionDate "2023.12.13"]
[SourceQuality "1"]

1. e4 d6 2. d4 Nf6 3. Nc3 e5 4. Nf3 Nbd7 5. Bc4 Be7 6. 0-0 0-0 7. a4 c6 8. Re1 Qc7 9. Bb3 b6 10. h3 a6 11. Be3 Rb8 12. g4 h6 13. Nh4 exd4 14. Bxd4 c5 15. Nf5 Re8 16. Bxf6 Nxf6 17. Bd5 b5 18. axb5 axb5 19. Ne3 b4 20. Ne2 Bf8 21. Ng3 Bd7 22. Qd2 Rbd8 23. Ra2 Bc6 24. Rea1 Bxd5 25. exd5 Rb8 26. Ra6 Rb6 27. Nc4 Rxa6 28. Rxa6 Ne4 29. Qe3 Nf6 30. Qd3 Qb7 31. Rc6 Qa8 32. Kg2 Nd7 33. f4 Nb8 34. Rc7 Na6 35. Rc6 Nb8 36. Rb6 Nd7 37. Rc6 1/2-1/2

[Event "Forni di Sopra op 14th"]
[Site "Forni di Sopra"]
[Date "2023.06.14"]
[Round "6"]
[White "Serea, Gabriele"]
[Black "Hewson, Brian Wr"]
[Result "1/2-1/2"]
[WhiteElo "1863"]
[BlackElo "2029"]
[PlyCount "67"]
[EventDate "2023.06.10"]
[EventType "swiss"]
[EventRounds "9"]
[EventCountry "ITA"]
[SourceTitle "CBM 214 Extra"]
[Source "ChessBase"]
[SourceDate "2023.07.31"]
[SourceVersion "1"]
[SourceVersionDate "2023.07.31"]
[SourceQuality "1"]

1. e4 c6 2. Nf3 d5 3. exd5 cxd5 4. Ne5 e6 5. d4 Nc6 6. Bb5 Bd7 7. Nxd7 Qxd7 8. c3 a6 9. Bd3 Nf6 10. 0-0 h6 11. Nd2 Bd6 12. Nf3 Qc7 13. g3 0-0 14. Re1 Rfe8 15. a4 e5 16. dxe5 Nxe5 17. Nxe5 Bxe5 18. Be3 Rad8 19. Rc1 Qd7 20. Bb6 Bc7 21. Bc5 Rxe1+ 22. Qxe1 Qxa4 23. Bd4 Re8 24. Qf1 Be5 25. Bxe5 Rxe5 26. Re1 Qe8 27. Rxe5 Qxe5 28. Qh3 Qe6 29. Bf5 Qe1+ 30. Kg2 Ne4 31. Bh7+ Kh8 32. Qc8+ Kxh7 33. Qf5+ Kg8 34. Qh3 1/2-1/2

[Event "Forni di Sopra op 14th"]
[Site "Forni di Sopra"]
[Date "2023.06.12"]
[Round "3"]
[White "Cluyts, Marc"]
[Black "Serea, Gabriele"]
[Result "0-1"]
[WhiteElo "1915"]
[BlackElo "1863"]
[PlyCount "106"]
[EventDate "2023.06.10"]
[EventType "swiss"]
[EventRounds "9"]
[EventCountry "ITA"]
[SourceTitle "CBM 214 Extra"]
[Source "ChessBase"]
[SourceDate "2023.07.31"]
[SourceVersion "1"]
[SourceVersionDate "2023.07.31"]
[SourceQuality "1"]

1. e4 e5 2. Nf3 Nc6 3. Bc4 Bc5 4. c3 Nf6 5. d3 h6 6. Nbd2 d6 7. Bb3 a6 8. h3 Ba7 9. Nf1 d5 10. Qe2 dxe4 11. dxe4 Qe7 12. Ng3 Bd7 13. 0-0 Nh7 14. Be3 g5 15. Bxa7 Nxa7 16. Nf5 Qf6 17. Rad1 0-0-0 18. Qe3 Kb8 19. g4 Nf8 20. Rd5 Nc6 21. Rfd1 Kc8 22. Ba4 Ng6 23. Bxc6 Bxc6 24. Qa7 Bxd5 25. Qa8+ Kd7 26. Rxd5+ Kc6 27. Qa7 Rxd5 28. exd5+ Kd7 29. Qxb7 Qb6 30. Qxb6 cxb6 31. c4 f6 32. Nd2 Nf4 33. Ne4 Rf8 34. Nxh6 Nxh3+ 35. Kf1 Nf4 36. Ke1 Nd3+ 37. Kd2 Nc5 38. Nxc5+ bxc5 39. Nf5 Rh8 40. Ng3 Rh4 41. Ne4 f5 42. Nxc5+ Kd6 43. Nxa6 Rxg4 44. b3 Rg1 45. a4 g4 46. b4 Rf1 47. Ke2 Rb1 48. b5 f4 49. c5+ Kxd5 50. c6 Kd6 51. Nb8 f3+ 52. Ke3 Re1+ 53. Kd2 g3 0-1

[Event "Forni di Sopra op 14th"]
[Site "Forni di Sopra"]
[Date "2023.06.10"]
[Round "1"]
[White "Giammona, Federico"]
[Black "Serea, Gabriele"]
[Result "1-0"]
[WhiteElo "2130"]
[BlackElo "1863"]
[PlyCount "40"]
[EventDate "2023.06.10"]
[EventType "swiss"]
[EventRounds "9"]
[EventCountry "ITA"]
[SourceTitle "CBM 214 Extra"]
[Source "ChessBase"]
[SourceDate "2023.07.31"]
[SourceVersion "1"]
[SourceVersionDate "2023.07.31"]
[SourceQuality "1"]

1. d4 Nf6 2. Nf3 g6 3. Nc3 Bg7 4. e4 d6 5. Be3 0-0 6. Qd2 e5 7. 0-0-0 exd4 8. Nxd4 Re8 9. f3 Nbd7 10. g4 Nb6 11. Bh6 Bh8 12. h4 d5 13. Nf5 Be6 14. h5 Bxf5 15. exf5 Qe7 16. hxg6 fxg6 17. fxg6 hxg6 18. Bd3 Nc4 19. Nxd5 Qc5 20. Qg5 Ne5 1-0

[Event "Veneto-ch qf 80th"]
[Site "Sottomarina"]
[Date "2021.06.06"]
[Round "5.15"]
[White "Serea, Gabriele"]
[Black "Cecchetto, Vanni"]
[Result "1-0"]
[WhiteElo "1667"]
[BlackElo "1752"]
[PlyCount "81"]
[EventDate "2021.06.04"]
[EventType "swiss"]
[EventRounds "5"]
[EventCountry "ITA"]
[SourceTitle "EXT 2024"]
[Source "ChessBase"]
[SourceDate "2023.10.10"]
[SourceVersion "1"]
[SourceVersionDate "2023.10.10"]
[SourceQuality "1"]

1. e4 c6 2. Nf3 d5 3. exd5 cxd5 4. Ne5 Nf6 5. Bb5+ Bd7 6. Nxd7 Nbxd7 7. d4 e6 8. Bf4 Qa5+ 9. Nc3 Bb4 10. Bxd7+ Nxd7 11. Bd2 0-0 12. a3 Bxc3 13. Bxc3 Qd8 14. 0-0 Qh4 15. f3 Rae8 16. Bb4 e5 17. Bxf8 Nxf8 18. Re1 e4 19. fxe4 dxe4 20. Re3 f5 21. Qe1 Qf6 22. Rd1 Ng6 23. d5 Ne5 24. d6 Ng4 25. d7 Rd8 26. Rc3 Qb6+ 27. Kf1 Nxh2+ 28. Ke2 Qb5+ 29. Kf2 Rxd7 30. Rc8+ Kf7 31. Rxd7+ Qxd7 32. Qc3 e3+ 33. Ke2 Qb5+ 34. Qc4+ Qxc4+ 35. Rxc4 Ng4 36. Rc7+ Kf6 37. Rxb7 h5 38. c4 g5 39. c5 f4 40. c6 Ke6 41. Rg7 1-0

[Event "Mestre Sheraton op-B 1st"]
[Site "Mestre"]
[Date "2021.02.28"]
[Round "5"]
[White "Grudina, Marco"]
[Black "Serea, Gabriele"]
[Result "1-0"]
[WhiteElo "1698"]
[BlackElo "1586"]
[PlyCount "113"]
[EventDate "2021.02.26"]
[EventType "swiss"]
[EventRounds "5"]
[EventCountry "ITA"]
[SourceTitle "EXT 2023"]
[Source "ChessBase"]
[SourceDate "2022.10.05"]
[SourceVersion "1"]
[SourceVersionDate "2022.10.05"]
[SourceQuality "1"]

1. e4 e5 2. Nf3 Nc6 3. Bc4 Bc5 4. 0-0 Nf6 5. d4 Bxd4 6. Nxd4 Nxd4 7. f4 Nc6 8. fxe5 Nxe5 9. Bb3 h6 10. Bf4 Qe7 11. Qd4 d6 12. Nc3 0-0 13. Nd5 Nxd5 14. exd5 Bd7 15. Rae1 f6 16. Re3 Kh8 17. Rd1 Bf5 18. Rf1 Bh7 19. Rd1 a5 20. a4 Rae8 21. Rde1 Qd7 22. c4 b6 23. Rf1 Re7 24. Bd1 Bd3 25. Rxd3 Nxd3 26. Qxd3 g5 27. Bd2 Rg7 28. Bc3 Qd8 29. Qf5 Rgf7 30. Bh5 Kg7 31. Bxf7 Rxf7 32. h3 Qe8 33. Bxf6+ Kf8 34. Qe6 Qd7 35. Qxd7 Rxd7 36. Bxg5+ Kg7 37. Bf6+ Kg6 38. Bc3 Re7 39. Re1 Rf7 40. Re4 h5 41. Bd2 Kg7 42. Re6 Kg8 43. Rh6 Re7 44. Rxh5 Re4 45. Rg5+ Kf7 46. Rg4 Re2 47. Bc3 Ke8 48. Kf1 Rc2 49. Rg8+ Kd7 50. Rg7+ Kc8 51. h4 Rc1+ 52. Kf2 Ra1 53. h5 Rxa4 54. h6 Rxc4 55. g3 Re4 56. Rg8+ Kd7 57. h7 1-0

[Event "Chioggia op-B 14th"]
[Site "Chioggia"]
[Date "2019.10.05"]
[Round "2"]
[White "Serea, Gabriele"]
[Black "Baltrunas, Arvydas"]
[Result "0-1"]
[WhiteElo "1280"]
[BlackElo "1833"]
[PlyCount "92"]
[EventDate "2019.10.04"]
[EventType "swiss"]
[EventRounds "5"]
[EventCountry "ITA"]
[SourceTitle "EXT 2022"]
[Source "ChessBase"]
[SourceDate "2021.10.06"]
[SourceVersion "1"]
[SourceVersionDate "2021.10.06"]
[SourceQuality "1"]

1. e4 e6 2. d4 d5 3. e5 c5 4. c3 Nc6 5. Be3 Qb6 6. Qd2 Bd7 7. Nf3 h6 8. Bd3 c4 9. Be2 0-0-0 10. Qc2 g5 11. b3 cxb3 12. axb3 Kb8 13. h3 f5 14. exf6 Nxf6 15. Ne5 Be8 16. Nd2 Rc8 17. 0-0 Nxd4 18. Bxd4 Qxd4 19. cxd4 Rxc2 20. Rfd1 Bb4 21. Nef3 Bg6 22. Rac1 Rhc8 23. Rxc2 Rxc2 24. Bb5 a6 25. Be2 Rb2 26. Kf1 Bc2 27. Rc1 Bxd2 28. Nxd2 Bxb3 29. Nxb3 Rxb3 30. f3 Rb4 31. Rd1 Nh5 32. Kf2 Nf4 33. Bf1 a5 34. g3 Ng6 35. Ke2 Ne7 36. Bg2 Nf5 37. g4 Nxd4+ 38. Kd3 Nc6 39. Re1 e5 40. Kc3 Kc7 41. Kd3 Kd6 42. Kc3 Rc4+ 43. Kb3 a4+ 44. Ka3 b5 45. Rd1 Rc2 46. Rb1 b4+ 0-1